000 00789nam a2200205 a 4500
001 000020794
005 20200930011150.0
008 100817s1924 nyua 000 0 spa d
040 _aDO-SdBNP
_bspa
_cBPJMB
082 _a372.7
_bL477a
100 1 _aLee Thorndike, Eduardo,
_943576
245 1 4 _aLas aritméticas motivadas de Thorndike /
_cEduardo Lee Thorndike ; edición castellana por Francisco Vizcarrondo, José C. Rosario.
260 _aNew York ;
_aChicago :
_bRand McNally,
_c1924.
300 _av :
_bil. ;
_c20 cm.
500 _aLa biblioteca posse el Libro Primero.
650 4 _aMatemáticas
_xEnseñanza básica
_943577
650 4 _aMatemáticas
_xEnseñanza
_xLibros de texto
_943578
700 1 _aVizcarrondo, Francisco,
_eed.
_943579
700 1 _aRosario, José C.,
_eed.
_943580
999 _c20298
_d20298